Electronic Materials and Processes Handbook, 3rd edition (Record no. 559894)
[ view plain ]
| 000 -LEADER | |
|---|---|
| fixed length control field | 00372nam a2200133Ia 4500 |
| 008 - FIXED-LENGTH DATA ELEMENTS--GENERAL INFORMATION | |
| fixed length control field | 210428s9999 xx 000 0 und d |
| 020 ## - INTERNATIONAL STANDARD BOOK NUMBER | |
| International Standard Book Number | 0071402144 |
| 082 ## - DEWEY DECIMAL CLASSIFICATION NUMBER | |
| Classification number | 621.381 E379 E |
| 100 ## - MAIN ENTRY--PERSONAL NAME | |
| Personal name | Charles A Harper |
| 9 (RLIN) | 52132 |
| 245 #0 - TITLE STATEMENT | |
| Title | Electronic Materials and Processes Handbook, 3rd edition |
| 260 ## - PUBLICATION, DISTRIBUTION, ETC. | |
| Name of publisher, distributor, etc. | McGraw Hill |
| Place of publication, distribution, etc. | New York |
| Date of publication, distribution, etc. | 2004 |
| 300 ## - PHYSICAL DESCRIPTION | |
| Extent | 1.17p. |
| 942 ## - ADDED ENTRY ELEMENTS (KOHA) | |
| Koha item type | Book |
| Source of classification or shelving scheme | |
| Withdrawn status | Lost status | Damaged status | Not for loan | Permanent Location | Current Location | Date acquired | Total Checkouts | Full call number | Barcode | Date last seen | Price effective from | Koha item type |
|---|---|---|---|---|---|---|---|---|---|---|---|---|
| School of Chemical & Materials Engineering (SCME) | School of Chemical & Materials Engineering (SCME) | 621.381 E379 E | SCME-41 | 04/28/2021 | 04/28/2021 | Book |
